Plant Anatomy : (Record no. 20782)
[ view plain ]
| 000 -LEADER | |
|---|---|
| fixed length control field | 02477cam a22002655i 4500 |
| 020 ## - INTERNATIONAL STANDARD BOOK NUMBER | |
| ISBN | 9783319773155 |
| 040 ## - CATALOGING SOURCE | |
| Transcribing agency | DLC |
| 082 04 - DEWEY DECIMAL CLASSIFICATION NUMBER | |
| Classification number | 571 CRA 2018 A006 Or. |
| 100 1# - MAIN ENTRY--AUTHOR NAME | |
| Personal name | Crang, Richard, |
| 245 10 - TITLE STATEMENT | |
| Title | Plant Anatomy : |
| Remainder of title | A Concept-Based Approach to the Structure of Seed Plants / |
| 250 ## - EDITION STATEMENT | |
| Edition statement | 1st ed. 2018. |
| 300 ## - PHYSICAL DESCRIPTION | |
| Number of Pages | 1 online resource (XVI, 725 pages 606 illustrations, 485 illustrations in color.) |
| 520 ## - SUMMARY, ETC. | |
| Summary, etc | Intended as a text for upper-division undergraduates, graduate students and as a potential reference, this broad-scoped resource is extensive in its educational appeal by providing a new concept-based organization with end-of-chapter literature references, self-quizzes, and illustration interpretation. The concept-based, pedagogical approach, in contrast to the classic discipline-based approach, was specifically chosen to make the teaching and learning of plant anatomy more accessible for students. In addition, for instructors whose backgrounds may not primarily be plant anatomy, the features noted above are designed to provide sufficient reference material for organization and class presentation. This text is unique in the extensive use of over 1150 high-resolution color micrographs, color diagrams and scanning electron micrographs. Another feature is frequent side-boxes that highlight the relationship of plant anatomy to specialized investigations in plant molecular biology, classical investigations, functional activities, and research in forestry, environmental studies and genetics, as well as other fields. Each of the 19 richly-illustrated chapters has an abstract, a list of keywords, an introduction, a text body consisting of 10 to 20 concept-based sections, and a list of references and additional readings. At the end of each chapter, the instructor and student will find a section-by-section concept review, concept connections, concept assessment (10 multiple-choice questions), and concept applications. Answers to the assessment material are found in an appendix. An index and a glossary with over 700 defined terms complete the volume. |
| 650 #0 - SUBJECT ADDED ENTRY--TOPICAL TERM | |
| Topical Term | Microbial genetics. |
| 650 #0 - SUBJECT ADDED ENTRY--TOPICAL TERM | |
| Topical Term | Microbial genomics. |
| 650 #0 - SUBJECT ADDED ENTRY--TOPICAL TERM | |
| Topical Term | Plant anatomy. |
| 650 #0 - SUBJECT ADDED ENTRY--TOPICAL TERM | |
| Topical Term | Plant development. |
| 650 #0 - SUBJECT ADDED ENTRY--TOPICAL TERM | |
| Topical Term | Plant genetics. |
| 650 14 - SUBJECT ADDED ENTRY--TOPICAL TERM | |
| Topical Term | Plant Anatomy/Development. |
| 650 24 - SUBJECT ADDED ENTRY--TOPICAL TERM | |
| Topical Term | Microbial Genetics and Genomics. |
| 650 24 - SUBJECT ADDED ENTRY--TOPICAL TERM | |
| Topical Term | Plant Genetics and Genomics. |
| 700 1# - ADDED ENTRY--PERSONAL NAME | |
| Personal name | Lyons-Sobaski, Sheila, |
| 700 1# - ADDED ENTRY--PERSONAL NAME | |
| Personal name | Wise, Robert, |
| 942 ## - ADDED ENTRY ELEMENTS (KOHA) | |
| Koha item type | ADB |
| 952 ## - LOCATION AND ITEM INFORMATION (KOHA) | |
| Withdrawn status [LOCAL, KOHA] | 0 |
| Permanent Location | Date acquired | Koha item type | Lost status | Shelving location | Barcode | Current Location | Full call number |
|---|---|---|---|---|---|---|---|
| Library Block A | 2022-11-30 | ADB | A028 | a069633 | Library Block A | 571 CRA 2018 A028 Or. |